Educación ambiental: hacia el desarrollo de una conducta ecológica en Chile

Saved in:
书目详细资料
主要作者: Martínez Armesto, José A. (autor)
格式: 图书
语言:西班牙语
出版: Santiago UMCE 1982
主题:
标签: 添加标签
没有标签, 成为第一个标记此记录!

MARC

LEADER 00000cam a2200000 a 4500
001 UCG9239
003 CL-VaPUC
008 120302e19820000CL |||||||||||||||||spa|d
082 0 4 |a 333.70712  |b MAR  |2 21 
100 |a Martínez Armesto, José A.  |e autor  |9 560719 
245 1 0 |a Educación ambiental: hacia el desarrollo de una conducta ecológica en Chile 
300 |a 350 p 
942 |c BK 
945 |d 20120302 00:00:00  |a dcastane 
260 |a Santiago  |b UMCE  |c 1982 
650 0 |a Educación ambiental  |9 262920 
650 0 |a Medio ambiente  |9 257625 
650 0 |a Protección del medio ambiente  |9 257626 
583 |a last modification  |c 20120309 08:50:55  |k Rodrigo Vera 
999 |c 346803  |d 346801 
952 |0 0  |1 0  |4 0  |6 333_707120000000000_MAR_1982  |7 0  |8 P  |9 447628  |a BIBEDU  |b BIBEDU  |c BIBEDU_PB  |d 2019-11-22  |i 4837762  |o 333.70712 MAR 1982  |p 4837762  |r 2024-01-25  |w 2019-11-22  |y BK  |k EBA